Online
Catalog

Reclamaciones en la construcción situaciones y soluciones. (Record no. 26303)

MARC details
000 -CABECERA
campo de control de longitud fija 00577nam a2200145 a 4500
001 - NÚMERO DE CONTROL
campo de control 000026811
005 - FECHA Y HORA DE LA ÚLTIMA TRANSACCIÓN
campo de control 20200930030427.0
008 - DATOS DE LONGITUD FIJA--INFORMACIÓN GENERAL
campo de control de longitud fija 110325s1984 dr 000 0 spa d
040 ## - FUENTE DE LA CATALOGACIÓN
Centro catalogador/agencia de origen DO-SdBNP
Lengua de catalogación spa
Centro/agencia transcriptor BNPHU
049 ## - FONDOS LOCALES (OCLC)
Fondos de biblioteca BNPD
111 1# - ENTRADA PRINCIPAL--NOMBRE DE CONGRESO/REUNIÓN
Nombre de congreso/reunión o jurisdicción como elemento de entrada Seminario internacional, reclamaciones en la construcción situaciones y soluciones
Fecha del congreso/reunión (1984:
Sede del congreso/Lugar de la reunión Santo Domingo :
Número del congreso/reunión o número de parte o sección 23-25 noviembre)
9 (RLIN) 53927
245 10 - MENCIÓN DE TÍTULO
Título Reclamaciones en la construcción situaciones y soluciones.
260 ## - PUBLICACIÓN, DISTRIBUCIÓN, ETC.
Lugar de publicación, distribución, etc. [Santo Domingo] :
Nombre del editor, distribuidor, etc. Colegio Dominicano de Ingenieros y Agrimensores (CODIA),
Fecha de publicación, distribución, etc. [1984?].
300 ## - DESCRIPCIÓN FÍSICA
Extensión 65 p. ;
Dimensiones 28 cm.
Holdings
Estado de retiro Estado de pérdida No para préstamo Código de colección Localización permanente Ubicación/localización actual Ubicación en estantería Fecha de adquisición Número de inventario Total de préstamos Signatura topográfica completa Código de barras Fecha visto por última vez Precio válido a partir de Tipo de ítem Koha
    Excluido de préstamo Patrimonio Dominicano Patrimonio Dominicano Patrimonio Dominicano Depósito 25.03.2011 LF1   26811-10 25.06.2020 25.06.2020 Libro y Folleto Colección Patrimonio Dominicano

Powered by Koha